| 000 | 00591nam a22001697a 4500 | ||
|---|---|---|---|
| 003 | SGT | ||
| 020 | _a9788180549684 | ||
| 082 | _a519.5,GUP | ||
| 100 | _aGUPTA,S.C | ||
| 245 | _aFUNDAMENTALS OF MATHEMATICAL STSTISTICS | ||
| 250 | _a11TH | ||
| 260 |
_aNEW DELHI _bSULTAN CHAND _c2016 |
||
| 300 | _aV.P. | ||
| 650 | _aMATHEMATICS, STATISTICS | ||
| 653 | _aCORRELATION, LINEAR AND CURVILINEAR REGRESSION, SPECIAL CONTINUOUS PROBABILITY DISTRIBUTIONS, THEORY OF ATTRIBUTES, LARGE SAMPLE THEORY, FINITE DIFFERENCES AND NUMERICAL ANALYSIS, PROBABILITY-1, PROBABILITY-2 | ||
| 942 |
_2ddc _cBK _0207 |
||
| 999 |
_c9964 _d9964 |
||